[Event "AUTO-ELITE-1121"]
[Site "http://www.queenalice.com/game.php?id=1202789"]
[Date "2013.7.26"]
[Round "2"]
[White "Ghiceda"]
[Black "Rusty"]
[Result "0-1"]
[WhiteElo "2394"]
[BlackElo "2432"]

1. f4 e5 2. fxe5 d6 3. exd6 Bxd6 4. Nf3 g5 5. g3 g4 6. Nh4 Ne7 7. Bg2 Ng6 8.
Nxg6 hxg6 9. d4 Rxh2 10. Qd3 Rxh1+ 11. Bxh1 Na6 12. c3 c6 13. Nd2 Be6 14. Ne4
Be7 15. Nf2 Qa5 16. Bf4 O-O-O 17. e4 f6 18. d5 g5 19. Qc4 gxf4 20. dxe6 Qh5 0-1

[Event "AUTO-ELITE-1121"]
[Site "http://www.queenalice.com/game.php?id=1202790"]
[Date "2013.7.26"]
[Round "2"]
[White "arvo1938"]
[Black "Ghiceda"]
[Result "1/2-1/2"]
[WhiteElo "2362"]
[BlackElo "2395"]

1. d4 e6 2. c4 f5 3. Nc3 Nf6 4. Bg5 d5 5. cxd5 exd5 6. Bxf6 Qxf6 7. Nxd5 Qf7 8.
Nc3 c6 9. Nf3 Bd6 10. e3 O-O 11. Be2 h6 12. Ne5 Bxe5 13. dxe5 Be6 14. Qd6 Nd7
15. O-O Nb6 16. Rfd1 Bc4 17. f4 Rfd8 18. Qc5 Bxe2 19. Nxe2 Qc4 20. Rxd8+ Rxd8
21. Qxc4+ Nxc4 22. Kf2 Nxb2 23. Nd4 c5 24. Nb5 Rd2+ 25. Kf3 c4 26. Nxa7 c3 27.
Rc1 c2 28. e4 fxe4+ 29. Kxe4 Rxg2 30. h4 Rh2 31. Nb5 Nc4 32. Kd3 Na5 33. Rxc2
Rxh4 34. Rf2 Nc6 35. Nd6 g5 36. Ke4 Rxf4+ 37. Rxf4 gxf4 38. Kxf4 b6 39. Nc4 b5
40. Nd6 b4 41. Ke4 Kf8 42. Nf5 h5 43. e6 Ne7 44. Nh4 Nc8 45. Kd4 Ke7 46. Ke5 Ke8
47. Nf5 Nb6 48. Ng7+ Ke7 49. Nxh5 Nc4+ 50. Kd5 Nd2 51. Nf4 b3 52. axb3 Nxb3 53.
Ke5 Nc5 54. Ng6+ Ke8 55. e7 Nd7+ 56. Kd6 Nf6 57. Ke6 Ng8 58. Kd6 Nxe7 59. Nxe7
1/2-1/2

[Event "AUTO-ELITE-1121"]
[Site "http://www.queenalice.com/game.php?id=1202791"]
[Date "2013.7.26"]
[Round "2"]
[White "Ghiceda"]
[Black "arvo1938"]
[Result "1-0"]
[WhiteElo "2383"]
[BlackElo "2374"]

1. f4 c5 2. Nf3 Nc6 3. e4 Nf6 4. Nc3 e6 5. Bb5 Be7 6. O-O O-O 7. d3 d5 8. e5 Nd7
9. Bxc6 bxc6 10. Qe1 Ba6 11. Qg3 Re8 12. Bd2 c4 13. d4 c5 14. Be3 cxd4 15. Nxd4
Qb8 16. Rab1 Bc5 17. Rfe1 Qc7 18. Bf2 Rab8 19. f5 g6 20. f6 Bf8 21. Qf4 Rec8 22.
h4 Rb7 23. h5 Nc5 24. hxg6 fxg6 25. Qg4 Qf7 26. Nxd5 exd5 27. Qxc8 Rc7 28. Qb8
Rc8 29. Qb4 Ne4 30. Qa5 Bb7 31. Re3 Bc5 32. c3 Qc7 33. Qxc7 Rxc7 34. Rf3 Bxd4
35. cxd4 Kf7 36. Be1 h5 37. Bc3 Ng5 38. Re3 Bc6 39. b3 Rb7 40. Rb2 Ne6 41. bxc4
dxc4 42. Rxb7+ Bxb7 43. Bb2 a6 44. Ra3 g5 45. Ra4 Kg6 46. Rxc4 Bd5 47. Ra4 Nf4
48. g3 Ne2+ 49. Kf2 1-0

[Event "Winterzeit"]
[Site "http://www.queenalice.com/game.php?id=1208745"]
[Date "2013.8.16"]
[Round "3"]
[White "ggg09"]
[Black "Ghiceda"]
[Result "0-1"]
[WhiteElo "2375"]
[BlackElo "2347"]

1. e4 e6 2. d4 d5 3. Nc3 Nf6 4. Bg5 Be7 5. e5 Nfd7 6. Bxe7 Qxe7 7. Nb5 Nb6 8.
Nf3 a6 9. Nc3 c5 10. dxc5 Qxc5 11. Bd3 Nc6 12. O-O h6 13. a3 Nd7 14. Re1 O-O 15.
Na4 Qa5 16. Nc3 d4 17. Ne2 Ndxe5 18. Nexd4 Nxd4 19. Nxe5 Rd8 20. Qh5 Qc7 21.
Rad1 f6 0-1

[Event "Winterzeit"]
[Site "http://www.queenalice.com/game.php?id=1227448"]
[Date "2013.10.26"]
[Round "4"]
[White "kasker"]
[Black "Ghiceda"]
[Result "1-0"]
[WhiteElo "2488"]
[BlackElo "2373"]

1. e4 e6 2. d4 d5 3. Nc3 Nf6 4. Bg5 Be7 5. e5 Nfd7 6. h4 a6 7. Qg4 Kf8 8. Qf4 c5
9. dxc5 Nxc5 10. Bxe7+ Qxe7 11. Nf3 Nc6 12. h5 h6 13. Bd3 Kg8 14. O-O Nxd3 15.
cxd3 Kh7 16. Rfc1 Rf8 17. Qe3 Qb4 18. d4 Bd7 19. a3 Qe7 20. Na4 Nxe5 21. Qxe5
Bxa4 22. Rc7 Qd8 23. Rxb7 Rb8 24. Rxb8 Qxb8 25. b4 Qxe5 26. Nxe5 f6 27. Nd3 Bb5
28. Nf4 Re8 29. Re1 Bc6 30. Rxe6 1-0

[Event "AUTO-ELITE-1287"]
[Site "http://www.queenalice.com/game.php?id=1256265"]
[Date "2014.2.14"]
[Round "1"]
[White "Ghiceda"]
[Black "amarkin"]
[Result "1-0"]
[WhiteElo "2364"]
[BlackElo "2172"]

1. f4 f5 2. e4 fxe4 3. d3 Nf6 4. dxe4 Nxe4 5. Bd3 d5 6. Bxe4 dxe4 7. Qxd8+ Kxd8
8. Nc3 Bf5 9. Nge2 e6 10. Be3 Nd7 11. O-O-O Bb4 12. h3 h5 13. Rhg1 1-0

[Event "AUTO-ELITE-1287"]
[Site "http://www.queenalice.com/game.php?id=1256266"]
[Date "2014.2.14"]
[Round "1"]
[White "amarkin"]
[Black "Ghiceda"]
[Result "0-1"]
[WhiteElo "2179"]
[BlackElo "2357"]

1. e4 e6 2. Nc3 a6 3. d4 b5 4. Nf3 Bb7 5. Bd3 Nf6 6. e5 Nd5 7. O-O Be7 8. a4 b4
9. Nxd5 Bxd5 10. c4 bxc3 11. bxc3 d6 12. c4 Bxf3 13. Qxf3 Nd7 14. Qg3 g6 0-1

[Event "AUTO-ELITE-1287"]
[Site "http://www.queenalice.com/game.php?id=1256267"]
[Date "2014.2.14"]
[Round "1"]
[White "Ghiceda"]
[Black "trompmaster"]
[Result "0-1"]
[WhiteElo "2369"]
[BlackElo "2383"]

1. f4 d6 2. Nf3 Nf6 3. b3 Nbd7 4. Bb2 c6 5. e3 Qc7 6. d3 e5 7. fxe5 dxe5 8. Nc3
Be7 9. Be2 O-O 10. O-O Ng4 11. Qd2 Re8 12. h3 Nh6 13. d4 exd4 14. exd4 Nf5 15.
Bd3 Nf6 16. Bxf5 Bxf5 17. Ne5 Bg6 18. Nxg6 hxg6 19. Ne2 Bd6 20. Rf3 Re6 21. Raf1
Rd8 22. Nf4 Re7 23. c4 g5 24. Nd3 Ne4 25. Qc1 Bh2+ 26. Kh1 f6 27. Qd1 Ng3+ 28.
Rxg3 Qxg3 29. Rf3 Qc7 30. a3 Rde8 0-1

[Event "AUTO-ELITE-1287"]
[Site "http://www.queenalice.com/game.php?id=1256268"]
[Date "2014.2.14"]
[Round "1"]
[White "trompmaster"]
[Black "Ghiceda"]
[Result "1-0"]
[WhiteElo "2371"]
[BlackElo "2381"]

1. e4 e6 2. f4 d5 3. e5 c5 4. Nf3 Nh6 5. c3 Nc6 6. Na3 Be7 7. Be2 Qb6 8. Qb3
Qxb3 9. axb3 a6 10. O-O O-O 11. Nc2 Bd7 12. d3 Rac8 13. Bd2 Rfd8 14. d4 cxd4 15.
Nfxd4 Nxd4 16. Nxd4 Bc5 17. Be3 Bxd4 18. Bxd4 Nf5 19. Bb6 Re8 20. g4 Rc6 21. Bf2
Ne7 22. Kg2 Ng6 23. Kg3 f6 24. exf6 gxf6 25. Rfd1 Kf7 26. h3 Rcc8 27. Rd2 Ne7
28. Re1 Bb5 29. Bf3 Rcd8 30. Bc5 Rc8 31. b4 Bc4 32. Bd1 1-0

[Event "AUTO-ELITE-1391"]
[Site "http://www.queenalice.com/game.php?id=1310373"]
[Date "2014.9.25"]
[Round "1"]
[White "Ghiceda"]
[Black "prego"]
[Result "0-1"]
[WhiteElo "2385"]
[BlackElo "2405"]

1. f4 c5 2. Nf3 Nf6 3. e3 g6 4. g3 Bg7 5. Bg2 Nc6 6. c3 O-O 7. O-O d5 8. d3 Bf5
9. Qc2 c4 10. Ne1 Qb6 11. Qe2 cxd3 12. Nxd3 Rfe8 13. Nf2 e5 14. fxe5 Nxe5 15.
Na3 Ne4 16. Qb5 Qc7 17. Qxd5 Rad8 18. Qb3 Nc5 19. Qb4 Ned3 20. Nxd3 Bxd3 21. Re1
a6 22. Qf4 Be5 23. Qh4 Ne4 24. Bxe4 Bxe4 25. Nb1 b5 26. Nd2 Bb7 27. e4 Rd3 0-1

[Event "AUTO-ELITE-1391"]
[Site "http://www.queenalice.com/game.php?id=1310374"]
[Date "2014.9.25"]
[Round "1"]
[White "prego"]
[Black "Ghiceda"]
[Result "1-0"]
[WhiteElo "2429"]
[BlackElo "2374"]

1. c4 e6 2. Nc3 d5 3. d4 c6 4. e3 Bd6 5. Bd3 f5 6. c5 Bc7 7. f4 Nf6 8. Nf3 O-O
9. b4 Ne4 10. Bb2 b6 11. O-O Bb7 12. Rc1 Qe7 13. b5 Rc8 14. Ba3 a6 15. cxb6 Qxa3
16. bxc7 Nxc3 17. Qb3 Qxb3 18. axb3 Rxc7 19. b6 Rc8 20. Rxc3 Nd7 21. g4 g6 22.
gxf5 exf5 23. Ne5 Nxb6 24. h4 Rf8 25. h5 Kg7 26. b4 Rfd8 27. Rc2 Rd6 28. hxg6
hxg6 29. Rh2 Nd7 30. Kf2 Nf8 31. Bxf5 a5 32. Rb1 axb4 33. Rxb4 Ba6 34. Rg2 Bb5
35. Kf3 Rf6 36. Bb1 Ra3 37. Rg4 Rc3 38. Rg1 1-0

[Event "AUTO-ELITE-1391"]
[Site "http://www.queenalice.com/game.php?id=1310375"]
[Date "2014.9.25"]
[Round "1"]
[White "Ghiceda"]
[Black "biscuter"]
[Result "0-1"]
[WhiteElo "2364"]
[BlackElo "2584"]

1. f4 e5 2. fxe5 Nc6 3. Nf3 d6 4. exd6 Bxd6 5. e3 g5 6. g3 h5 7. Qe2 h4 8. gxh4
g4 9. Ng5 Rxh4 10. Ne4 Bf5 11. Nbc3 Bxe4 12. Nxe4 f5 13. Nxd6+ Qxd6 14. Bg2
O-O-O 15. Qf2 Rh5 16. d3 Qe5 17. Bxc6 bxc6 18. e4 g3 19. Qf4 Qe6 20. Bd2 fxe4
21. O-O-O Nf6 22. Kb1 gxh2 23. Rxh2 Rxh2 24. Qxh2 exd3 25. cxd3 Rxd3 26. Re1 Qd5
27. Bc1 Nd7 28. Qh7 Kb7 29. Rg1 Nf6 30. Qe7 Rf3 31. Qe2 Qf5+ 32. Qc2 c5 33. Qxf5
Rxf5 34. Be3 Kc6 35. Rc1 Kb5 36. b3 a6 37. Kb2 Ne4 38. Rc2 Nd6 39. Bf2 Kc6 40.
Be3 Re5 41. Bd4 Rh5 42. Be3 Kb5 43. Bf2 c4 44. a4+ Ka5 45. Bg3 cxb3 46. Rxc7 Nf5
47. Be1+ Kxa4 48. Rc4+ Kb5 49. Rb4+ Kc5 0-1

[Event "AUTO-ELITE-1391"]
[Site "http://www.queenalice.com/game.php?id=1310376"]
[Date "2014.9.25"]
[Round "1"]
[White "biscuter"]
[Black "Ghiceda"]
[Result "1-0"]
[WhiteElo "2515"]
[BlackElo "2370"]

1. e4 e6 2. d4 d5 3. Nd2 Be7 4. Ngf3 Nf6 5. e5 Nfd7 6. Bd3 c5 7. c3 Nc6 8. O-O
Qb6 9. dxc5 Bxc5 10. b4 Be7 11. Re1 O-O 12. Nb3 Qc7 13. Bf4 a6 14. a4 b6 15.
Nbd4 Bb7 16. Nxc6 Qxc6 17. Nd4 Qc7 18. Bxh7+ 1-0

[Event "Challenge"]
[Site "http://www.queenalice.com/game.php?id=1321194"]
[Date "2014.11.9"]
[Round "-"]
[White "WeirdGoblin"]
[Black "Ghiceda"]
[Result "0-1"]
[WhiteElo "2230"]
[BlackElo "2362"]

1. d4 e6 2. e4 d5 3. Nd2 Be7 4. Ngf3 Nf6 5. Bd3 c5 6. e5 Nfd7 7. c3 b6 8. Qe2 a5
9. O-O Ba6 10. h3 Bxd3 11. Qxd3 c4 12. Qe2 Nc6 13. Nh2 O-O 14. f4 b5 15. f5 b4
16. fxe6 fxe6 17. Qg4 Rxf1+ 18. Ndxf1 Ncxe5 19. dxe5 Qb6+ 20. Be3 Bc5 21. Bxc5
Nxc5 22. Qd4 a4 23. Ne3 Rb8 24. Nf3 Nd3 25. a3 bxc3 26. Qxb6 Rxb6 27. bxc3 Nc5
0-1

[Event "Challenge"]
[Site "http://www.queenalice.com/game.php?id=1321195"]
[Date "2014.11.9"]
[Round "-"]
[White "WeirdGoblin"]
[Black "Ghiceda"]
[Result "0-1"]
[WhiteElo "2222"]
[BlackElo "2370"]

1. c4 e6 2. e4 d5 3. exd5 exd5 4. cxd5 Qxd5 5. Nc3 Qd8 6. d4 Nf6 7. Bc4 Bd6 8.
Qe2+ Qe7 9. Qxe7+ Kxe7 10. Bg5 Re8 11. O-O-O Nd7 12. Nd5+ Kf8 13. Nxf6 Nxf6 14.
Bxf6 gxf6 15. Ne2 Bf5 16. Rhe1 Re7 0-1

[Event "Challenge"]
[Site "http://www.queenalice.com/game.php?id=1321196"]
[Date "2014.11.9"]
[Round "-"]
[White "Ghiceda"]
[Black "WeirdGoblin"]
[Result "1-0"]
[WhiteElo "2378"]
[BlackElo "2214"]

1. f4 e5 2. fxe5 d6 3. exd6 Bxd6 4. Nf3 Nf6 5. e3 Ng4 6. d4 Nxh2 7. Nxh2 Qh4+ 8.
g3 Bxg3+ 9. Kd2 Nc6 10. Bb5 O-O 11. Nf3 Qf6 12. Qf1 Bg4 13. Bxc6 1-0

[Event "AUTO-ELITE-2139"]
[Site "http://www.queenalice.com/game.php?id=1578476"]
[Date "2019.7.25"]
[Round "1"]
[White "Donidon"]
[Black "Ghiceda"]
[Result "1-0"]
[WhiteElo "2498"]
[BlackElo "2394"]

1. e4 e6 2. d4 d5 3. Nc3 Nf6 4. e5 Ne4 5. Nxe4 dxe4 6. Bc4 a6 7. Ne2 b5 8. Bb3
c5 9. c3 cxd4 10. cxd4 Bb7 11. Be3 Qa5+ 12. Bd2 Bb4 13. Nc3 Nc6 14. a3 Bxc3 15.
Bxc3 Qb6 16. Qg4 O-O 17. Rd1 Rad8 18. d5 Na5 19. Bd4 Qc7 20. d6 Qc6 21. Ba2 e3
22. Bxe3 Nc4 23. Bd4 h5 24. Qg5 Qe4+ 25. Kf1 Qc2 26. Qc1 Qf5 27. Bxc4 bxc4 28.
Qe3 f6 29. f3 fxe5 30. Bxe5 Bd5 31. h4 Qc2 32. Rd2 Qb1+ 33. Qe1 Qxe1+ 34. Kxe1
Rb8 35. Rh3 g6 36. Rg3 Kh7 37. Rg5 Kh6 38. f4 Rb7 39. g4 hxg4 40. Rxg4 Rff7 41.
Rh2 Rf5 42. Rh3 Bc6 43. Rhg3 Be8 44. Kd2 Kh5 45. Rg1 Rb3 46. Kc1 Rd3 47. R4g2 a5
48. Rc2 Kxh4 49. Rxc4 1-0

[Event "AUTO-ELITE-2139"]
[Site "http://www.queenalice.com/game.php?id=1578477"]
[Date "2019.7.25"]
[Round "1"]
[White "Ghiceda"]
[Black "Donidon"]
[Result "1-0"]
[WhiteElo "2369"]
[BlackElo "2489"]

1. f4 d5 2. Nf3 Nf6 3. e3 g6 4. d4 Bg7 5. Bd3 O-O 6. Nbd2 Nc6 7. c3 Ng4 8. Qe2
f6 9. e4 dxe4 10. Bc4+ Kh8 11. Nxe4 b6 12. O-O Na5 13. Bd3 Nb7 14. Be3 Nxe3 15.
Qxe3 c5 16. dxc5 Nxc5 17. Nxc5 bxc5 18. Nh4 f5 19. Bc4 Bf6 20. Nf3 Bb7 21. Rad1
Qc7 22. Ne5 Bxe5 23. Qxe5+ Qxe5 24. fxe5 Rfd8 25. Be6 Bc6 26. b4 cxb4 27. cxb4
Rab8 28. Rxd8+ Rxd8 29. Rc1 Bb5 30. Rc7 Rd1+ 31. Kf2 Rd2+ 32. Kf3 Rxa2 33. Bxa2
e6 34. Bxe6 1-0

[Event "AUTO-ELITE-2139"]
[Site "http://www.queenalice.com/game.php?id=1578482"]
[Date "2019.7.25"]
[Round "1"]
[White "Ghiceda"]
[Black "chessprm"]
[Result "1-0"]
[WhiteElo "2359"]
[BlackElo "2298"]

1. f4 Nf6 2. Nf3 g6 3. g3 Bg7 4. Bg2 O-O 5. O-O d6 6. d3 Nbd7 7. e4 c5 8. c3 Qb6
9. Qb3 Qc7 10. Be3 Rb8 11. Nbd2 b5 12. Rae1 a5 13. e5 Ng4 14. e6 Ndf6 15. exf7+
Rxf7 16. Ng5 e5 17. Nxf7 Qxf7 18. Qxf7+ Kxf7 19. fxe5 Nxe5 20. Be4 d5 21. Bxd5+
1-0

[Event "AUTO-ELITE-2139"]
[Site "http://www.queenalice.com/game.php?id=1578483"]
[Date "2019.7.25"]
[Round "1"]
[White "chessprm"]
[Black "Ghiceda"]
[Result "0-1"]
[WhiteElo "2276"]
[BlackElo "2385"]

1. d4 e6 2. c4 d5 3. Nc3 c6 4. Nf3 Bd6 5. e3 f5 6. Bd3 Nf6 7. O-O Nbd7 8. b3 O-O
9. Bb2 Ne4 10. Qe2 b6 11. Rac1 Bb7 12. Rfd1 Qe7 13. cxd5 Nxc3 14. Bxc3 cxd5 15.
Bb2 Rac8 16. Bb1 Rxc1 17. Rxc1 Rc8 18. Rxc8+ Bxc8 19. Bd3 Qd8 20. g3 Qc7 21. Qc2
Qxc2 22. Bxc2 Ba6 23. Ng5 Nf8 24. f3 h6 25. Nh3 Kf7 26. e4 fxe4 27. fxe4 dxe4
28. Bxe4 Nd7 29. Kf2 Nf6 30. Bf3 g5 31. Bc6 Bd3 32. Ke3 Bb1 33. a3 Ng4+ 34. Ke2
Nxh2 35. Kf2 Ng4+ 36. Kg2 Ne3+ 37. Kf3 Nf1 38. g4 Nd2+ 0-1

[Event "AUTO-ELITE-2139"]
[Site "http://www.queenalice.com/game.php?id=1588386"]
[Date "2019.10.30"]
[Round "2"]
[White "Donidon"]
[Black "Ghiceda"]
[Result "0-1"]
[WhiteElo "2456"]
[BlackElo "2372"]

1. e4 e6 2. d4 d5 3. Nc3 Nf6 4. e5 Ne4 5. Nxe4 dxe4 6. Ne2 c5 7. c3 cxd4 8. cxd4
Nc6 9. g3 Bb4+ 10. Bd2 Qa5 11. Bg2 O-O 12. Bc3 Rd8 13. a3 Bxc3+ 0-1

[Event "AUTO-ELITE-2139"]
[Site "http://www.queenalice.com/game.php?id=1588387"]
[Date "2019.10.30"]
[Round "2"]
[White "Ghiceda"]
[Black "Donidon"]
[Result "1-0"]
[WhiteElo "2387"]
[BlackElo "2446"]

1. f4 Nf6 2. Nf3 d6 3. e3 Nc6 4. Bb5 Bd7 5. O-O g6 6. d3 Bg7 7. e4 O-O 8. c3 a6
9. Bxc6 Bxc6 10. Be3 Ng4 11. Qe2 Nxe3 12. Qxe3 d5 13. e5 e6 14. Nbd2 1-0